Leader xxxxxxxxxx
001 __ PCLIS00056223
005 __ 20221116150645.0
010 0_ |a978-986-97568-9-1|b平裝|dNT$330
100 __ |a20221028e2020202019m y0chiy09 e
101 0_ |achi
102 __ |atw
105 __ |ay z 000ay
200 1_ |a紅樓心機|e我的騷動,渴望你懂|f蔡詩萍作
205 __ |a初版
210 __ |a臺北市|c有鹿文化出版|c紅螞蟻圖書總經銷|d2020.06[民109]印刷
215 0_ |a220, [2]面|d21公分
225 2_ |a看世界的方法|v158
306 __ |a2020年第四次印行
410 _0 |12001 |a看世界的方法|v158
517 1_ |a我的騷動,渴望你懂|zchi
606 __ |2cst|a紅學
606 __ |2cst|a研究考訂
681 __ |a857.49|b8426
700 _1 |a蔡|b詩萍|4作
801 _0 |atw|b內湖高中|c20221028|gCCR
|